| 000 | 00595nam a2200205Ia 4500 | ||
|---|---|---|---|
| 001 | 12377 | ||
| 003 | GE_BSU | ||
| 008 | 181216s||||||||xx |||||||||||||| ||und|| | ||
| 040 | _cGE_BSU | ||
| 080 | _a58(075.32) | ||
| 100 | _aИсаин,В.Н. | ||
| 245 | _aБотаника.Теоретический и практический курс | ||
| 245 | _cРед.М.Г.Быкова | ||
| 260 | _aМосква | ||
| 260 | _bКолос | ||
| 260 | _c1966 | ||
| 300 | _a519стр.22см. | ||
| 653 | _aБотаника.Теоретический и практический курс | ||
| 942 | _cBK | ||
| 999 |
_c45551 _d45551 |
||